00908nam a2200229 a 4500008004100000020003200041040002500073041001300098044001100111080001600122100003500138245010800173250001300281260004900294300002800343500013800371700002700509700002400536958000600560999001700566952009500583951121s1987||||[C 0 slo c c19 Kčs. q(18000 výtl.) aSNKbslocSNKeAACR21 aslohrus axocSK a141.82(081)1 aLenin, Vladimir Iľjič4aut10aZobrané spisy. /Zv./ 36bMarec-júl 1918cVladimir Iľjič Lenin ; Samuel Dúbrava, Oto Takáč a2., vyd. aBratislavabPravdac1987eBratislavafPravda a879 s., 37,10 AHc21 cm aLit. 202. Pozn. Zozn. Reg. men. a lit. prác a prameňov. Životopis. údaje. Faksim. rkp. 202 zázn. v slov., češ. a ruš.1 aDúbrava, Samuel4trl1 aTakáč, Oto4bkd aA c15452d15452 011040708Ka10000b10000d2019-11-29g19.00i14477oK 030r2019-11-29w2019-11-29yOLDO